000 00526nam a2200181 4500
005 20231127233630.0
008 231120b1982 |||||||| |||| 00| 0 eng d
020 _a0198284640
027 _a3
082 _a362.71
_bGRA
100 _aGrant, James P.
245 _aThe state of the world's children 1982-83
260 _aOxford:
_bOxford University Press,
_c1982
300 _avi,131 p. photographs
650 _a Children--Developing countries
650 _a Children--Health and hygiene-Developing countries
942 _cRP
999 _c4161
_d4161